000 00398nam a2200145Ia 4500
005 20250729165731.0
008 250729s2011 xx 000 0 und d
041 _aeng
082 _a370.25 NART
100 _aNaraginti Amareswaran
_9231697
245 _aTeacher Education For 21st Century
260 _aNewdelhi
_bDiscovery Publishing House
_c2011
300 _a300p
650 _aEducation
_9231698
999 _c239411
_d239411